Patogenesias abreviadas de los medicamentos homeopáticos más usuales ó Exposición de los efectos que cada uno de ellos determina en el organismo sano. (Record no. 161543)

MARC details
000 -LEADER
campo de control de longitud fija 00569nam a22001455i 4500
001 - NÚMERO DE CONTROL
campo de control 161543
003 - IDENTIFICADOR DE NÚMERO DE CONTROL
campo de control ES-MaACL
005 - FECHA Y HORA DE LA ÚLTIMA TRANSACCIÓN
campo de control 20230906212316.0
008 - DATOS DE LONGITUD FIJA--INFORMACIÓN GENERAL
campo de control de longitud fija 981002s1876 sp |||| | spa d
040 ## - FUENTE DE CATALOGACIÓN
Centro catalogador/agencia de origen CLM
Lengua de catalogación spa
Centro/agencia transcriptor CCPB | 3D
245 00 - MENCIÓN DEL TÍTULO
Título Patogenesias abreviadas de los medicamentos homeopáticos más usuales ó Exposición de los efectos que cada uno de ellos determina en el organismo sano.
260 ## - PUBLICACIÓN, DISTRIBUCIÓN, ETC.
Lugar de publicación, distribución, etc. Madrid :
Nombre del editor, distribuidor, etc. [s.n.],
Fecha de publicación, distribución, etc. 1876 (
Fabricante Imp., estereotipia y galvanoplastia de Aribau y Cª.)
300 ## - DESCRIPCIÓN FÍSICA
Extensión 264 p. ;
Dimensiones 15 cm.
852 ## - LOCALIZACIÓN
Ubicación ES-MaACL
Número de control de estantería F-2189
Nota libre -- Enc. hol.
Holdings
Estatus retirado Estado de pérdida Estado de daño No para préstamo Colección Biblioteca de origen Biblioteca actual Ubicación en estantería Fecha de adquisición Fuente de adquisición Total de préstamos Signatura topográfica completa Código de barras Visto por última vez Precio de reemplazo Tipo de ítem Koha
        Libros del s. XIX Biblioteca del Ateneo de Madrid Biblioteca del Ateneo de Madrid Depósito 2 17/01/2008     F-2189 1169213 23/02/2023 23/02/2023 Libro impreso antiguo